| 000 | 00782nam a2200193 a 4500 | ||
|---|---|---|---|
| 005 | 20240924065313.0 | ||
| 008 | 991125s1962 es 000 0 spa u | ||
| 035 | _aUPN01000007431 | ||
| 049 | _aCG | ||
| 050 | 4 |
_aLA226 _bE3.38 |
|
| 100 | 1 | _aEddy, Edward Danforth | |
| 245 | 1 | 4 |
_aLos centros de enseñanza norteamericana en la actualidad / _cEdward Danforth Eddy ; tr. Rafael Romano Santaella. |
| 260 |
_aBarcelona, Esp. ; _aMéxico : _bReverté, _c1962. |
||
| 300 | _a277 p. | ||
| 500 | _a"Descripción del único sistema de enseñanza Land-Grant, cuyo desarrollo educativo está actualmente ganando el reconocimiento de gran parte del mundo" | ||
| 650 | 7 |
_aEducación _zEstados Unidos _xHistoria _2 _916887 |
|
| 650 | 7 |
_aEducación superior _zEstados Unidos _2 _915203 |
|
| 905 | _aLibro | ||
| 999 |
_c7431 _d7431 |
||